[Event "Ch Mineiro (1/2 final)"]
[Site "masterchessopen.com - Nova Lima (Brazil)"]
[Date "2008.12.06"]
[Round "2"]
[White "De Freitas Julio Eimard (BRA)"]
[Black "Batista Gerson P (BRA)"]
[Result "0-1"]
[WhiteElo "1882"]
[BlackElo "2210"]

1.d4 c5 2.d5 e5 3.c4 d6 4.Nc3 Be7 5.g3 Bg5 6.Nh3 Bxc1 7.Qxc1 Ne7 8.Bg2 O-O
9.f4 Ng6 10.Qd2 Bxh3 11.Bxh3 exf4 12.O-O-O fxg3 13.hxg3 Nd7 14.Bxd7 Qxd7
15.Rh5 Qg4 16.Rdh1 h6 17.b3 a5 18.Qe3 Rfe8 19.Qf2 Qd4 20.Qe1 Re3 21.Kc2 Rae8
22.R1h2 Qg4 23.R5h3 b5 24.Kd2 bxc4 25.Nb1 Qd4+ {#R} 0-1

[Event "Czech League 2008/09 (krajsky prebor)"]
[Site "masterchessopen.com - Czech Republic"]
[Date "2008.12.15"]
[Round "5"]
[White "Urban Zdeniek (CZE)"]
[Black "Moller Kamil (CZE)"]
[Result "1-0"]
[WhiteElo "2129"]
[BlackElo "1939"]

1.d4 c5 2.d5 e5 3.e4 d6 4.Nc3 Nf6 5.Nf3 Bg4 6.Be2 Be7 7.a4 Nbd7 8.Nd2 Bxe2
9.Qxe2 O-O 10.O-O a6 11.a5 b5 12.axb6 Qxb6 13.Nc4 Qc7 14.Bd2 Rfc8 15.Ra3 Ra7
16.Na5 Nb8 17.Rfa1 c4 18.Ra4 Qd7 19.Be3 Ra8 20.Nxc4 Bd8 21.b4 Ng4 22.Bd2 h6
23.b5 Rxc4 24.Rxc4 axb5 25.Rxa8 bxc4 26.Rxb8 Qc7 27.Rxd8+ Qxd8 28.Qxg4 {#r}
1-0

[Event "It (open)"]
[Site "masterchessopen.com - Pamplona (Spain)"]
[Date "2008.12.22"]
[Round "1"]
[White "Reinaldo Castineira Roi (ESP)"]
[Black "Idiazabal Troyas Aritz (ESP)"]
[Result "1-0"]
[WhiteElo "2516"]
[BlackElo "1823"]

1.d4 c5 2.d5 e5 3.Nc3 d6 4.e4 g6 5.h4 a6 6.a4 Nd7 7.h5 Ndf6 8.hxg6 fxg6 9.Be2
Bg7 10.Nf3 Bd7 11.Ng5 Qc8 12.f4 h6 13.Nf3 Nh5 14.Nxe5 dxe5 15.Bxh5 gxh5
16.Qxh5+ Kd8 17.fxe5 Bg4 18.Qh4+ Ke8 19.e6 h5 20.Qg5 Qc7 21.Qg6+ Kf8 22.O-O+
Bf6 23.d6 Qg7 24.e7+ Nxe7 25.dxe7+ Kxe7 26.Nd5+ {#r} 1-0

[Event "It (open)"]
[Site "masterchessopen.com - Cali (Colombia)"]
[Date "2008.12.29"]
[Round "8"]
[White "Buitrago Juan Carlos (COL)"]
[Black "Chavarro Hugo (COL)"]
[Result "0-1"]
[WhiteElo "2169"]
[BlackElo "2287"]

1.d4 c5 2.d5 e5 3.e4 d6 4.Nc3 Nf6 5.Nf3 Be7 6.Be2 O-O 7.O-O Nbd7 8.Nd2 Ne8
9.Nc4 Bg5 10.Bg4 g6 11.Qd3 Bxc1 12.Raxc1 Qe7 13.a4 a6 14.a5 Ng7 15.Bxd7 Bxd7
16.Nb6 Rad8 17.Nxd7 Rxd7 18.f3 f5 19.Na4 Qg5 20.Nb6 Rdf7 21.Nc4 Nh5 22.Qd2 Nf4
23.Kh1 fxe4 24.Nxd6 e3 {#R} 0-1

[Event "It (open)"]
[Site "masterchessopen.com - Groningen (Netherlands)"]
[Date "2008.12.30"]
[Round "9"]
[White "Hopman Pieter (NED)"]
[Black "Daudzvardis Janis (LAT)"]
[Result "1-0"]
[WhiteElo "2319"]
[BlackElo "2196"]

1.d4 c5 2.d5 e5 3.Nc3 d6 4.e4 Be7 5.f4 exf4 6.Bxf4 g5 7.Bg3 h5 8.Bb5+ Kf8 9.h3
Bf6 10.Nf3 g4 11.hxg4 hxg4 12.Rxh8 Bxh8 13.Nd2 Be5 14.Bxe5 dxe5 15.Nf1 a6
16.Be2 b5 17.Qd3 Qg5 18.Qe3 Qxe3 19.Nxe3 Nf6 20.O-O-O b4 21.Na4 Nxe4 22.Nb6
Bb7 23.Nxa8 Bxa8 24.Nxg4 {#r} 1-0

[Event "Memorial P.Dubinin (open)"]
[Site "masterchessopen.com - Nizhnij Novgorod (Russia)"]
[Date "2009.01.10"]
[Round "0"]
[White "Bessonov Viktor (RUS)"]
[Black "Stepanushkin Alexander (RUS)"]
[Result "0-1"]
[WhiteElo "2054"]
[BlackElo "2032"]

1.d4 c5 2.d5 e5 3.e4 d6 4.g3 Nf6 5.Bg2 b5 6.Ne2 Be7 7.O-O Nbd7 8.a4 b4 9.a5
Ba6 10.Re1 Rb8 11.c3 c4 12.cxb4 Rxb4 13.Qc2 Qb8 14.Ra4 Rb7 15.Nec3 Nc5 16.Ra2
Nd3 17.Rd1 O-O 18.Be3 Nb4 {#R} 0-1

[Event "Ch Mittelfranken (team) 2008/09"]
[Site "masterchessopen.com - Germany"]
[Date "2009.01.11"]
[Round "4"]
[White "Belich Walter"]
[Black "Augustin Achim"]
[Result "0-1"]
[WhiteElo "1973"]
[BlackElo "1913"]

1.d4 c5 2.d5 e5 3.e4 d6 4.f4 exf4 5.Nf3 Qf6 6.Nc3 Bg4 7.Bb5+ Nd7 8.O-O O-O-O
9.Bxd7+ Rxd7 10.a4 g5 11.Qd3 Bxf3 12.Rxf3 Bg7 13.a5 Ne7 14.Ra4 Ng6 15.Qb5 a6
16.Qb6 Qd8 17.Qb3 Bd4+ 18.Kh1 g4 19.Rf1 Qh4 20.Ne2 Be5 21.Kg1 f3 22.g3 Qh3
23.Rf2 fxe2 24.Rxe2 Bd4+ 25.Be3 Ne5 26.Rf2 Nf3+ 27.Kh1 Nxh2 {#R} 0-1

[Event "Ch City"]
[Site "masterchessopen.com - Belgrade (Serbia)"]
[Round "8"]
[White "Stojkovic Milanko (SRB)"]
[Black "Nenezic Zoran (SRB)"]
[Result "0-1"]
[WhiteElo "2049"]
[BlackElo "1921"]

1.d4 c5 2.d5 e5 3.c4 d6 4.e4 Be7 5.f4 exf4 6.Bxf4 Bg5 7.Bxg5 Qxg5 8.Nf3 Qe7
9.Bd3 Nh6 10.Nc3 f6 11.Qc2 Bg4 12.O-O Bxf3 13.Rxf3 Nd7 14.Qa4 O-O 15.Rg3 Ne5
16.Be2 f5 17.Qc2 f4 18.Rh3 Nhf7 19.Nd1 Ng5 20.Ra3 f3 21.Bxf3 Ngxf3+ 22.gxf3
Nxf3+ 23.Kh1 Rae8 24.Nc3 Rf6 25.Qg2 Nxh2 26.Rg1 Nf3 27.Qh3 Nxg1 28.Kxg1 Ref8
{#R} 0-1

[Event "Ch Valencia (team)"]
[Site "masterchessopen.com - Valencia (Spain)"]
[Round "4"]
[White "Deruelle Sala Albert (ESP)"]
[Black "Toledano Llinares Juan A (ESP)"]
[Result "0-1"]
[WhiteElo "2119"]
[BlackElo "2323"]

1.d4 c5 2.d5 e5 3.e4 d6 4.Nc3 Be7 5.Nf3 Na6 6.Bb5+ Bd7 7.a4 Nc7 8.Bxd7+ Qxd7
9.Qe2 f5 10.exf5 Qxf5 11.O-O Nf6 12.Rd1 O-O 13.Bg5 Rae8 14.Bxf6 gxf6 15.Nh4
Qg5 16.g3 f5 17.Ng2 f4 18.Ne4 f3 19.Qd3 Qg4 20.Ne3 Qh5 21.Ra3 b6 22.Re1 Rd8
23.c3 Rf7 24.b4 Ne8 25.Nc4 Nf6 26.Ncd2 Ng4 27.Nf1 {#R} 0-1

[Event "Ch City (open)"]
[Site "masterchessopen.com - Omsk (Russia)"]
[Date "2009.02.21"]
[Round "7"]
[White "Volkov Alexander (RUS)"]
[Black "Pozdniakov Vladimir (RUS)"]
[Result "1-0"]
[WhiteElo "2106"]
[BlackElo "2219"]

1.d4 c5 2.d5 e5 3.c4 d6 4.Nc3 g6 5.Nf3 Bg7 6.h4 Nf6 7.e4 Na6 8.Be2 Nc7 9.Nh2
Bd7 10.h5 a6 11.a4 b6 12.Nf1 Rb8 13.Ng3 {#r} 1-0

[Event "Ch City (open)"]
[Site "masterchessopen.com - Irkutsk (Russia)"]
[Round "5"]
[White "Danchinov Viktor (RUS)"]
[Black "Samarin Sergei (RUS)"]
[Result "0-1"]
[WhiteElo "2204"]
[BlackElo "2136"]

1.d4 c5 2.d5 e5 3.e4 d6 4.Nc3 a6 5.a4 Be7 6.Be2 Bg5 7.f4 exf4 8.Nf3 Bh4+ 9.Kf1
Bf6 10.Bxf4 Ne7 11.h3 Ng6 12.Bh2 O-O 13.g4 Re8 14.Qd3 Qb6 15.Ra3 Qxb2 16.Rb3
Qc1+ 17.Kg2 Qh6 18.Bxd6 Bxc3 19.Rxc3 Nh4+ 20.Nxh4 Qxd6 21.Rf1 Nd7 22.Nf5 Qe5
23.Qf3 Qxe4 24.Nd6 Qxf3+ 25.Rcxf3 Rxe2+ {#R} 0-1

[Event "Tournament (Elo) \"]
[Site "masterchessopen.com - Warsaw (Poland)"]
[Date "2009.03.07"]
[Round "5"]
[White "Alvarado Carlos (PER)"]
[Black "Gasik Piotr (POL)"]
[Result "1-0"]
[WhiteElo "2175"]
[BlackElo "2106"]

1.d4 c5 2.d5 e5 3.e4 d6 4.Nc3 Be7 5.Nf3 Bg4 6.h3 Bxf3 7.Qxf3 Bg5 8.Bxg5 Qxg5
9.Nb5 Qd8 10.Qg4 g6 11.Nxd6+ Qxd6 12.Qc8+ Qd8 13.Bb5+ Nd7 14.Bxd7+ Ke7 15.Qxb7
Rb8 16.Qxa7 Ra8 17.d6+ Kf8 18.Qc7 Nf6 19.Bc6 Qxc7 20.dxc7 Rc8 21.O-O-O Rxc7
22.Rd8+ Kg7 23.Rxh8 {#r} 1-0

[Event "It (open)"]
[Site "masterchessopen.com - Bad Woerishofen (Germany)"]
[Date "2009.03.13"]
[Round "9"]
[White "Gradl Winfried (GER)"]
[Black "Schmidt Robert (GER)"]
[Result "1-0"]
[WhiteElo "2033"]
[BlackElo "2145"]

1.d4 c5 2.d5 e5 3.e4 d6 4.Nc3 a6 5.a4 b6 6.Nf3 Bg4 7.Be2 Bxf3 8.Bxf3 Be7 9.O-O
Bg5 10.Bg4 Bxc1 11.Qxc1 Qh4 12.Bh3 Ne7 13.f4 exf4 14.Rxf4 Qg5 15.Qf1 O-O
16.Be6 Qg6 17.Qf2 Ra7 18.Rf1 Nc8 19.Bf5 Qg5 20.Bxc8 Rxc8 21.Rxf7 {#r} 1-0

[Event "Tournament (open)"]
[Site "masterchessopen.com - Perm (Russia)"]
[Date "2009.03.13"]
[Round "3"]
[White "Krasnoseljskikh Sergey"]
[Black "Chumakov Anatoly (RUS)"]
[Result "0-1"]
[WhiteElo "2193"]
[BlackElo "1976"]

1.d4 c5 2.d5 e5 3.e4 d6 4.Nf3 Nf6 5.Nc3 Be7 6.Be3 Ng4 7.Qe2 Nxe3 8.Qxe3 O-O
9.Bd3 a6 10.a4 Nd7 11.O-O Nf6 12.h3 Nh5 13.Ne2 Bd7 14.c4 b5 15.axb5 axb5
16.Rxa8 Qxa8 17.cxb5 Rb8 18.Nc3 Nf4 19.Bc4 f5 20.Ne2 Nxe2+ 21.Qxe2 fxe4
22.Qxe4 Bxb5 23.b3 Bd7 24.Re1 Rf8 25.g4 Rf4 26.Qe3 Qf8 {#R} 0-1

[Event "Cup Vladivostok (open)"]
[Site "masterchessopen.com - Vladivostok (Russia)"]
[Date "2009.03.21"]
[Round "1"]
[White "Ibraev Valeriy (RUS)"]
[Black "Slupskiy Sergey (RUS)"]
[Result "0-1"]
[WhiteElo "1720"]
[BlackElo "2290"]

1.d4 c5 2.d5 e5 3.c4 d6 4.e4 f5 5.Nc3 Nf6 6.Bd3 fxe4 7.Nxe4 Nxe4 8.Bxe4 Qh4
9.Qd3 Be7 10.Nf3 Qh5 11.h3 O-O 12.Bd2 Bf5 13.O-O-O Na6 14.a3 Rab8 15.Qe3 Bxe4
16.Qxe4 b5 17.cxb5 Nc7 18.a4 a6 19.bxa6 Rb6 20.Ba5 Rb7 21.Kd2 Rf4 22.Qe3 Qg6
23.Kc1 Rc4+ 24.Bc3 Nxd5 25.Qe2 Nxc3 {#R} 0-1

[Event "Memorial Voroniatov (open)"]
[Site "masterchessopen.com - Nizhnij Novgorod (Russia)"]
[Round "0"]
[White "Gorozhanin Mikhail (RUS)"]
[Black "Stepanushkin Alexander (RUS)"]
[Result "1-0"]
[WhiteElo "1826"]
[BlackElo "2032"]

1.d4 c5 2.d5 e5 3.c4 d6 4.Nc3 f5 5.e4 Nf6 6.Bd3 g6 7.Bg5 Be7 8.f3 Na6 9.Nge2
O-O 10.Qd2 Nc7 11.O-O-O a6 12.a3 b5 13.cxb5 axb5 14.Nxb5 Nxb5 15.Bxb5 Ba6
16.Bxa6 Rxa6 17.Nc3 Nxd5 18.Qxd5+ {#r} 1-0

[Event "It (open)"]
[Site "masterchessopen.com - Karlovy Vary (Czech Republic)"]
[Date "2009.05.03"]
[Round "7"]
[White "Wimmer Miroslav (CZE)"]
[Black "Paganik Pavel (CZE)"]
[Result "0-1"]
[WhiteElo "2064"]
[BlackElo "2288"]

1.d4 c5 2.d5 e5 3.e4 d6 4.Nf3 Be7 5.Bb5+ Nd7 6.a4 a6 7.Bd3 Ngf6 8.a5 c4 9.Bxc4
Nc5 10.O-O O-O 11.Nbd2 Ncd7 12.b4 b5 13.Bb3 Bb7 14.Nb1 Rc8 15.Bb2 Rc7 16.Qd2
Nxe4 17.Qe3 f5 18.Nxe5 Nxe5 19.Bxe5 dxe5 20.d6+ Kh8 21.dxc7 Qxc7 22.c3 Qc6
23.f3 Bg5 24.Qb6 Qxb6+ 25.axb6 Be3+ 26.Rf2 Nxf2 27.Kf1 Bxb6 28.Ke2 e4 {#R} 0-1

[Event "Tournament (swiss)"]
[Site "masterchessopen.com - Wisla (Poland)"]
[Date "2009.05.05"]
[Round "3"]
[White "Jurkiewicz Krzysztof (POL)"]
[Black "Krawczyk Wieslaw (POL)"]
[Result "1-0"]
[WhiteElo "2160"]
[BlackElo "2124"]

1.d4 c5 2.d5 e5 3.Nc3 d6 4.e4 a6 5.a4 g6 6.Be2 Bg7 7.Nf3 h6 8.Nd2 Ne7 9.Nc4
O-O 10.f4 f5 11.fxe5 dxe5 12.Be3 Nd7 13.O-O Kh7 14.a5 Rb8 15.Qd3 b5 16.axb6
Nxb6 17.Bxc5 Nxc4 18.Qxc4 fxe4 19.Rxf8 Bxf8 20.Nxe4 Rxb2 21.Qc3 Rb8 22.Qxe5
Bg7 23.Nf6+ Bxf6 24.Qxf6 Rb7 25.Qf7+ {#r} 1-0

[Event "Ch Germany (juniors) (Internet) (under 25) (qual1)"]
[Site "masterchessopen.com - Internet"]
[Date "2009.05.10"]
[Round "2"]
[White "Rietze Clemens (GER)"]
[Black "Figura Atila Gajo (GER)"]
[Result "1-0"]
[WhiteElo "2192"]
[BlackElo "2436"]

1.d4 c5 2.d5 e5 3.c4 d6 4.Nc3 f5 5.e4 Nf6 6.Bd3 g6 7.f4 fxe4 8.Nxe4 Nxe4
9.Bxe4 Bg7 10.Nf3 exf4 11.Bxf4 O-O 12.Be3 Bxb2 13.O-O Bxa1 14.Qxa1 Qf6 15.Qb1
Nd7 16.Bh6 Rf7 17.Bg5 Qc3 18.Rc1 Qh8 19.Re1 Ne5 20.Nxe5 Qxe5 21.Bxg6 Qxg5
22.Bxf7+ Kg7 23.Rf1 Bh3 24.Qb2+ {#r} 1-0

[Event "Tournament (swiss)"]
[Site "masterchessopen.com - Wisla (Poland)"]
[Date "2009.05.11"]
[Round "10"]
[White "Jaworski Miroslaw (POL)"]
[Black "Krawczyk Wieslaw (POL)"]
[Result "1-0"]
[WhiteElo "2363"]
[BlackElo "2124"]

1.d4 c5 2.d5 e5 3.e4 a6 4.a4 d6 5.Nc3 f5 6.exf5 Bxf5 7.Bd3 Bxd3 8.Qxd3 Nf6
9.Nf3 Be7 10.Ng5 Nxd5 11.Qxd5 Bxg5 12.Bxg5 Qxg5 13.Qxb7 O-O 14.Qxa8 Nd7
15.Qd5+ Kh8 16.O-O Rf4 17.Ne4 Qg6 18.Qxd6 Rxe4 19.Qxd7 h5 20.h3 Rf4 21.Rad1
Rf7 22.Rd6 {#r} 1-0

[Event "Memorial R.Nezhmetdinov (open)"]
[Site "masterchessopen.com - Kazan (Russia)"]
[Date "2009.06.01"]
[Round "2"]
[White "Balashov Yuri S (RUS)"]
[Black "Della-Rossa Anastasia (RUS)"]
[Result "1-0"]
[WhiteElo "2383"]
[BlackElo "1971"]

1.d4 c5 2.d5 e5 3.Nc3 d6 4.e4 Be7 5.Nf3 f5 6.Bb5+ Bd7 7.Bxd7+ Nxd7 8.exf5 Ngf6
9.Ng5 Qa5 10.Ne6 Kf7 11.O-O g6 12.Qf3 Rag8 13.Ne4 h6 14.c4 g5 15.Bd2 Qb6
16.Bc3 g4 17.Qd3 Nxe4 18.Qxe4 Bh4 19.f4 Nf6 20.Qe2 g3 21.fxe5 gxh2+ 22.Kh1 Ng4
23.Nf4 dxe5 24.Ng6 {#r} 1-0

[Event "Ch Bayern (seniors) (open)"]
[Site "masterchessopen.com - Bergen (Germany)"]
[Date "2009.06.26"]
[Round "7"]
[White "Peiberg Ehrhard"]
[Black "Siegl Wolfgang Dr (GER)"]
[Result "1-0"]
[WhiteElo "1671"]
[BlackElo "1789"]

1.d4 c5 2.d5 e5 3.dxe6 fxe6 4.e4 Nc6 5.Nf3 Nf6 6.Nc3 Be7 7.Be2 O-O 8.O-O d5
9.exd5 exd5 10.Re1 a6 11.Bg5 d4 12.Bc4+ Kh8 13.Bxf6 Bxf6 14.Nd5 b5 15.Nxf6
Qxf6 16.Bd5 Bg4 17.h3 Bh5 18.Re6 Bxf3 19.Rxf6 Rxf6 20.Bxf3 Re8 21.Bxc6 Rxc6
22.Qd2 Rce6 23.Kf1 {#r} 1-0

[Event "It (open) (b)"]
[Site "masterchessopen.com - Kowalewo Pomorskie (Poland)"]
[Date "2009.07.07"]
[Round "4"]
[White "Dobrowolski Marcin (POL)"]
[Black "Strzyzewski Adam (POL)"]
[Result "1-0"]
[WhiteElo "1948"]
[BlackElo "1718"]

1.d4 c5 2.d5 e5 3.c4 d6 4.Nc3 a6 5.e4 f5 6.exf5 Bxf5 7.Bd3 Bxd3 8.Qxd3 Nf6
9.Nf3 e4 10.Nxe4 Nxe4 11.Qxe4+ Qe7 12.Qxe7+ Bxe7 13.O-O O-O 14.Re1 Bf6 15.Re6
Nd7 16.Rxd6 Ne5 17.Nxe5 Bxe5 18.Re6 Bd4 19.Be3 Bxe3 20.fxe3 Rfe8 21.Rxe8+ Rxe8
22.Kf2 {#r} 1-0

[Event "It (open) (b)"]
[Site "masterchessopen.com - Kowalewo Pomorskie (Poland)"]
[Date "2009.07.09"]
[Round "8"]
[White "Bednarkiewicz Jakub (POL)"]
[Black "Strzyzewski Adam (POL)"]
[Result "0-1"]
[WhiteElo "1593"]
[BlackElo "1718"]

1.d4 c5 2.d5 e5 3.e4 d6 4.c4 f5 5.Bd3 f4 6.Nf3 Nf6 7.O-O Bg4 8.Nc3 a6 9.h3 Bh5
10.Be2 Bxf3 11.Bxf3 Be7 12.Bg4 Nbd7 13.Be6 Nf8 14.Bg4 h5 15.Bf3 g5 16.g3 Qd7
17.g4 hxg4 18.Bxg4 Nxg4 19.hxg4 Rh4 20.f3 Ng6 21.Qe2 Kf7 22.Rf2 Rah8 23.Rg2
Rh3 24.a3 Nh4 {#R} 0-1

[Event "Memorial I.Ermolaev (open)"]
[Site "masterchessopen.com - Irkutsk (Russia)"]
[Date "2009.07.12"]
[Round "9"]
[White "Shelk Alexander (RUS)"]
[Black "Samarin Sergei (RUS)"]
[Result "1-0"]
[WhiteElo "2378"]
[BlackElo "2136"]

1.d4 c5 2.d5 e5 3.e4 d6 4.Nc3 a6 5.a4 Be7 6.g3 Bg5 7.Bg2 Bxc1 8.Qxc1 Ne7 9.Nf3
O-O 10.Nd2 b6 11.Nc4 Bb7 12.f4 f6 13.Ra3 Nc8 14.Bh3 Na7 15.Be6+ Kh8 16.Qa1
exf4 17.gxf4 f5 18.O-O b5 19.axb5 fxe4 20.bxa6 Bc8 21.Bxc8 Nxc8 22.Nxe4 Rf7
23.Ng5 Re7 24.Ne6 Nd7 25.Nxd8 {#r} 1-0

[Event "Memorial M.Najdorf (open)"]
[Site "masterchessopen.com - Warsaw (Poland)"]
[Date "2009.07.24"]
[Round "7"]
[White "Borowicz Przemyslaw (POL)"]
[Black "Zurkowski Andrzej (POL)"]
[Result "1-0"]
[WhiteElo "2009"]
[BlackElo "2150"]

1.d4 c5 2.d5 e5 3.e4 d6 4.Nc3 Be7 5.f4 exf4 6.Bxf4 Nf6 7.Nf3 O-O 8.Be2 a6 9.a4
Bg4 10.O-O Nbd7 11.e5 dxe5 12.Nxe5 Bxe2 13.Qxe2 Re8 14.Nxf7 Kxf7 15.Qe6+ Kf8
16.d6 Rc8 17.dxe7+ Rxe7 18.Bd6 Rc6 19.Nd5 {#r} 1-0

[Event "It (open)"]
[Site "masterchessopen.com - Abudhabi (United Arab Emirates)"]
[Date "2009.08.16"]
[Round "5"]
[White "El Gindy Essam (EGY)"]
[Black "Johny P I (IND)"]
[Result "1-0"]
[WhiteElo "2499"]
[BlackElo "2078"]

1.d4 c5 2.d5 e5 3.c4 d6 4.e4 Be7 5.Nf3 Bg4 6.Nbd2 Nd7 7.h3 Bxf3 8.Nxf3 Ngf6
9.Bd3 O-O 10.Be3 a6 11.a4 Qc7 12.O-O g6 13.Bh6 Rfe8 14.Re1 Bf8 15.Bd2 Bg7
16.a5 b6 17.axb6 Qxb6 18.Qc2 Reb8 19.Ra2 h5 20.Rea1 Ne8 21.Qa4 Ndf6 22.Bc2 Nc7
23.Qa3 Nfe8 24.Ba4 Ra7 25.Bc6 Kf8 26.Bc3 Bh6 27.Nxe5 dxe5 28.Ba5 Bg7 {#r} 1-0

[Event "Ch Poland (team) (1 liga)"]
[Site "masterchessopen.com - Ustron (Poland)"]
[Date "2009.09.16"]
[Round "5"]
[White "Stachowiak Kamil (POL)"]
[Black "Jaroch Pawel (POL)"]
[Result "1-0"]
[WhiteElo "2412"]
[BlackElo "2243"]

1.d4 c5 2.d5 e5 3.e4 d6 4.Nc3 g6 5.Bb5+ Nd7 6.f4 exf4 7.Bxf4 f6 8.Nf3 Nh6
9.O-O Nf7 10.Qe1 Bg7 11.Qg3 Qe7 12.Nd2 O-O 13.Bxd7 Bxd7 14.a4 Ne5 15.Bxe5 fxe5
16.Nc4 Rfd8 17.Nb5 Be8 18.Qb3 Bxb5 19.axb5 b6 20.Qh3 Bf6 21.Rf3 Kg7 22.Rfa3
Qc7 23.Ra6 Rdb8 24.Qe6 Be7 25.Nxb6 Rxb6 26.Rxb6 Qxb6 27.Qxe7+ Kh6 28.Ra3 {#r}
1-0

[Event "Ch Chess Club (1/2 final)"]
[Site "masterchessopen.com - Voronezh (Russia)"]
[Date "2009.09.16"]
[Round "5"]
[White "Volk Sergey (RUS)"]
[Black "Polyansky Viktor (RUS)"]
[Result "1-0"]
[WhiteElo "2019"]
[BlackElo "2027"]

1.d4 c5 2.d5 e5 3.c4 d6 4.Nc3 Be7 5.a3 f5 6.e4 Nf6 7.Bd3 fxe4 8.Nxe4 O-O 9.Qc2
h6 10.Nxf6+ Bxf6 11.Ne2 Bg5 12.O-O b5 13.cxb5 a6 14.b4 Bxc1 15.Rfxc1 cxb4
16.axb4 Bb7 17.Nc3 axb5 18.Rxa8 Bxa8 19.Bxb5 Qb6 20.Qe2 Rc8 21.Qg4 Bb7 22.Qe6+
Kh8 23.Bd3 Qd4 24.Qg6 Kg8 25.Nd1 e4 26.Qe6+ {#r} 1-0

[Event "It (open) \"]
[Site "masterchessopen.com - Tatranske Zruby (Slovakia)"]
[Date "2009.09.27"]
[Round "1"]
[White "Capak Stefan (SVK)"]
[Black "Bakalar Jan (SVK)"]
[Result "0-1"]
[WhiteElo "2019"]
[BlackElo "2120"]

1.d4 c5 2.d5 e5 3.dxe6 fxe6 4.e4 d5 5.Qh5+ g6 6.Qe5 Qf6 7.Qxf6 Nxf6 8.exd5
exd5 9.Nf3 Bg7 10.Be2 Nc6 11.O-O Bf5 12.c3 O-O-O 13.Nbd2 Rhe8 14.Bb5 a6
15.Bxc6 bxc6 16.Nb3 c4 17.Nc5 Ne4 18.Nxe4 Bxe4 19.Bg5 Rd7 20.Rfe1 Rb7 21.Bc1
Ree7 22.Ng5 Bf5 23.Rxe7 Rxe7 24.Be3 Rb7 25.Bc1 c5 26.Nf3 d4 27.Nd2 Bd3 28.Nb1
Re7 {#R} 0-1

[Event "Ch Russia (seniors)"]
[Site "masterchessopen.com - Lesnoj gorodok (Russia)"]
[Date "2009.10.03"]
[Round "1"]
[White "Baikov Vladimir A (RUS)"]
[Black "Bobrov Yury (RUS)"]
[Result "1-0"]
[WhiteElo "2404"]
[BlackElo "2160"]

1.d4 c5 2.d5 e5 3.e4 d6 4.Bb5+ Bd7 5.a4 a6 6.Bd3 g6 7.a5 Bg7 8.Nd2 Bb5 9.Qe2
Bxd3 10.Qxd3 Nd7 11.Nc4 Qc7 12.f4 Ne7 13.Nf3 f6 14.fxe5 Nxe5 15.Nfxe5 fxe5
16.O-O Rf8 17.Bd2 h6 18.Qh3 Rd8 19.Rxf8+ Bxf8 20.Bxh6 Qd7 21.Rf1 Bxh6 22.Qxh6
Qb5 23.Nb6 {#r} 1-0

[Event "Ch Russia (team) (regions)"]
[Site "masterchessopen.com - Tula (Russia)"]
[Round "8"]
[White "Chan Naruna (RUS)"]
[Black "Sazonova Elena N (RUS)"]
[Result "0-1"]
[WhiteElo "1725"]
[BlackElo "2175"]

1.d4 c5 2.d5 e5 3.dxe6 fxe6 4.e4 Nc6 5.Nc3 a6 6.a4 Nf6 7.f4 d6 8.Nf3 Be7 9.Bd3
Qc7 10.O-O Bd7 11.Bc4 Na5 12.Qe2 Nxc4 13.Qxc4 Qc6 14.Rd1 O-O 15.Ng5 b5 16.Qd3
h6 17.e5 c4 18.Qd4 dxe5 19.Qxe5 hxg5 {#R} 0-1

[Event "It (open)"]
[Site "masterchessopen.com - Leeuwarden (Netherlands)"]
[Date "2009.11.13"]
[Round "1"]
[White "Struik Tjapko (NED)"]
[Black "Van Der Berg W"]
[Result "1-0"]
[WhiteElo "2224"]
[BlackElo "1948"]

1.d4 c5 2.d5 e5 3.e4 d6 4.Nc3 Na6 5.f4 exf4 6.Bxf4 h5 7.Nf3 f6 8.Bd3 g5 9.Be3
Nc7 10.e5 dxe5 11.Bg6+ Kd7 12.Ne4 Na6 13.O-O Qb6 14.Nxe5+ fxe5 15.Rxf8 Qxg6
16.Qd3 Qg7 17.Qb5+ Kc7 18.d6+ Kb8 19.Rxc8+ Kxc8 20.Qe8# 1-0

[Event "Ch World (juniors) (under 10)"]
[Site "masterchessopen.com - Kemer (Turkey)"]
[Date "2009.11.20"]
[Round "9"]
[White "Tran Minh Thang (VIE)"]
[Black "Maltsev Leonid (UKR)"]
[Result "1-0"]
[WhiteElo "2133"]
[BlackElo "1936"]

1.d4 c5 2.d5 e5 3.e4 d6 4.Nc3 g6 5.Nf3 Bg7 6.Bg5 f6 7.Bh4 Ne7 8.Bd3 O-O 9.O-O
g5 10.Bg3 Ng6 11.Nd2 a6 12.a4 b6 13.Nc4 Nf4 14.Qd2 Nxd3 15.Qxd3 Bg4 16.Nd1 Bh5
17.Nde3 Bg6 18.f3 Qc7 {#r} 1-0

[Event "Ch Colombia (juniors) (under 14)"]
[Site "masterchessopen.com - Medellin (Colombia)"]
[Date "2009.12.18"]
[Round "6"]
[White "Hernandez Cristian Andres (COL)"]
[Black "Zuleta Juan Esteban"]
[Result "1-0"]
[WhiteElo "1910"]
[BlackElo "1849"]

1.d4 c5 2.d5 e5 3.c4 d6 4.e4 Be7 5.g3 Bg5 6.Bg2 Bxc1 7.Qxc1 Ne7 8.Ne2 O-O
9.O-O f5 10.f4 fxe4 11.fxe5 dxe5 12.Nbc3 Bf5 13.Bxe4 Bh3 14.Rxf8+ Qxf8 15.Qg5
Qf6 16.Qh5 Bf5 17.Qe8+ Qf8 18.Qxf8+ Kxf8 19.Rf1 g6 20.g4 {#r} 1-0

[Event "Ch Europe (active)"]
[Site "masterchessopen.com - Warsaw (Poland)"]
[Date "2009.12.19"]
[Round "1"]
[White "Moranda Wojciech (POL)"]
[Black "Chilkiewicz Marek (POL)"]
[Result "1-0"]
[WhiteElo "2545"]
[BlackElo "1838"]

1.d4 c5 2.d5 e5 3.e4 d6 4.Nc3 f5 5.Bb5+ Bd7 6.exf5 Bxb5 7.Nxb5 Qd7 8.Qh5+ Kd8
9.c4 Nf6 10.Bg5 Qxf5 11.Bxf6+ Qxf6 12.Ne2 g6 13.Qh3 a6 14.Nbc3 Nd7 15.O-O Qf5
16.Qe3 h5 17.Ng3 Qf4 18.Qd3 Rg8 19.Nge4 g5 20.Rab1 Kc7 21.b4 Be7 22.bxc5 Nxc5
23.Nxc5 dxc5 24.d6+ Kc6 25.Qd5+ Kd7 26.Rxb7+ Kd8 27.dxe7+ {#r} 1-0

[Event "Ch Slovakia (team) 2009/10 (2 liga) (b)"]
[Site "masterchessopen.com - Slovakia"]
[Date "2010.01.09"]
[Round "6"]
[White "Hanko Pavol (SVK)"]
[Black "Bakalar Jan (SVK)"]
[Result "0-1"]
[WhiteElo "2179"]
[BlackElo "2073"]

1.d4 c5 2.d5 e5 3.e4 d6 4.Nc3 Ne7 5.Nf3 a6 6.a4 b6 7.Be2 Ng6 8.g3 Be7 9.Be3
O-O 10.O-O Bh3 11.Re1 Nd7 12.Qd2 Nf6 13.Ng5 Bd7 14.f4 exf4 15.gxf4 Ng4 16.Bxg4
Bxg4 17.Qg2 Bd7 18.Kh1 Bxg5 19.fxg5 Qe7 20.Ne2 Nh4 {#R} 0-1